000 00840nam a2200217Ii 4500
003 JO-AjNU
008 230605s9999||||xx |||||||||||||| ||und||
020 _a9953-36-142-8
040 _aJO-AjNU
_bara
_erda
_cJO-AjNU
041 _aara
050 1 4 _aBP166.14.M63.S6712 2004
100 3 _aسورمان، غي ، ترجمة: مرام المصري,
_eauthor
_911314
245 0 0 _aأبناء رفاعة الطهطاوي مسلمون وحداثيون
250 _aط1
264 3 1 _aبيروت: المؤسسة العربية للدراسات والنشر، 2004
300 _a303ص
336 _atext
_btxt
_2rdacontent
337 _aunmediated
_bn
_2rdamedia
338 _avolume
_bnc
_2rdacarrier
650 4 _aالاسلام والغرب- تاريخ الحركات الفكرية عند المسلمين- رفاعة الطهطاوي
_911315
999 _aA2259
_c5827
_d5827